| 000 | 01264cam a2200337 a 4500 | ||
|---|---|---|---|
| 001 | 17126789 | ||
| 005 | 20170105102410.0 | ||
| 008 | 120119s2012 njua b 001 0 eng | ||
| 010 | _a 2011051434 | ||
| 020 | _a9780321247131 (pbk. : alk. paper) | ||
| 020 | _a0321247132 (pbk. : alk. paper) | ||
| 035 | _a(OCoLC)ocn773428660 | ||
| 040 |
_aDLC _beng _cDLC _dYDX _dBTCTA _dUKMGB _dYDXCP _dBWX _dDLC |
||
| 042 | _apcc | ||
| 050 | 0 | 0 |
_aQA76.73.J38 _bK563 2012 |
| 082 | 0 | 0 |
_a005.133 KNO _223 |
| 100 | 1 | _aKnoernschild, Kirk. | |
| 245 | 1 | 0 |
_aJava application architecture :modularity patterns with examples using OSGi _b _cKirk Knoernschild. |
| 260 |
_aUpper Saddle River, NJ : _bPrentice Hall, _cc2012. |
||
| 300 |
_axxvii, 353 p. : _bill. ; _c24 cm. |
||
| 490 | 1 | _aThe Robert C. Martin series | |
| 504 | _aIncludes bibliographical references and index. | ||
| 650 | 0 | _aJava (Computer program language) | |
| 650 | 0 |
_aApplication software _xDevelopment. |
|
| 650 | 0 | _aSoftware architecture. | |
| 650 | 0 | _aComponent software. | |
| 800 | 1 |
_aMartin, Robert C. _tRobert C. Martin series. |
|
| 906 |
_a7 _bcbc _corignew _d1 _eecip _f20 _gy-gencatlg |
||
| 942 |
_2ddc _cBK |
||
| 999 |
_c12906 _d12906 |
||